000 00678nam a2200241Ia 4500
003 OSt
005 20220918201304.0
006 a|||||r|||| 00| 0
007 ta
008 220917b |||||||| |||| 00| 0 eng d
024 _a92,905
037 _cTextual
040 _aARTS
_cARTS
_beng
041 _2eng
_aeng
082 _aV1N, J6;K1.1-.2
100 _aPeaslee Amos J
_997949
245 0 _aInternational governmental organizetions
_b constitutional documents Rev by Amos J Peaslee and Dorothy Peaslee xydis
250 _a2nd
260 _c1956
650 _aHISTORY
942 _hV1N, J6;K1.1-.2
_cTEXL
_2CC
999 _c216553
_d216553